| 000 | 00491nam a2200157 4500 | ||
|---|---|---|---|
| 008 | 070118s2005 us eng | ||
| 020 | _a957-727-244-4 | ||
| 100 | 0 | _aHUANG, Hsiao Shih | |
| 245 | 1 | 0 |
_aReflection of sufferings / _cHsiao Shih HUANG. |
| 260 |
_aTaipei: _b Cosmiccare, _c2005. |
||
| 300 |
_a221+ _e1p., paperback |
||
| 440 | 0 | _aReligion/Searching Series - 04 | |
| 650 | 4 | _aSuffering - religious aspects. | |
| 740 | 0 | 2 | _aChristianity |
| 951 |
_pC-8008 _j070613111622421 _d2000-12-21 |
||
| 999 |
_c28237 _d28237 |
||